| 000 | 00978nam a2200193 i 4500 | ||
|---|---|---|---|
| 001 | 164054 | ||
| 003 | ES-MaACL | ||
| 005 | 20250915063100.0 | ||
| 008 | 020313s1882 sp |||| | spa d | ||
| 040 |
_aCAM _bspa _cCAM |
||
| 100 | 1 |
_aRovira y Serra, Manuel, _d1865-1929 _9132129 |
|
| 245 | 1 | 0 |
_aHerir con honra (el juez de su causa) _b: drama en tres actos y en prosa de costumbres cubanas / _coriginal de Manuel Rovira y Serra. |
| 260 |
_aBarcelona : _b[s.n.], _c1882 ( _fImprenta de los Sucesores de N. Ramirez y Cª) |
||
| 300 |
_a53 p. ; _c19 cm. |
||
| 500 | _aRepresentado por primera vez en el funcion dedicada á los Hijos de Cuba á beneficio de Miguel Bassols, la noche del 15 de mayo de 1882 en el Teatro del Tívoli de Barcelona. | ||
| 596 | _aEn p. 6 consta : "... Galería lírico-dramática, titulada El Teatro..." | ||
| 852 |
_aES-MaACL _jG-3519(1) _z-- Enc. tela, falto de la cub. original _z-- Enc. en un vol. facticio |
||
| 999 |
_c164054 _d164054 |
||